Language Quiz

Random Language or Letter Quiz

Every 3 Letter Word Quiz Stats

 Plays Quiz Updated Nov 1, 2018

Challenge
Share
Tweet
Embed
Score 0/254 Timer 14:00
4 Plays Today
% Correct
CAN CAP CAR CAT
90.1%
BAR BAS BAT BAY
81.8%
ARE ARF ARK ARM
80.7%
HIN HIP HIS HIT
76.5%
BUS BUT BUY BYE
76.4%
ANA AND ANE ANI
75.6%
DOG DOL DOM DON
75.1%
ASP ASS ATE ATT
74.3%
HAO HAP HAS HAT
73.9%
FAD FAG FAN FAR
73.8%
MAG MAN MAP MAR
72.7%
BIB BID BIG BIN
72.7%
TEN TET TEW THE
72.2%
BEN BES BET BEY
71.8%
BED BEE BEG BEL
71.7%
ABO ABS ABY ACE
71.3%
ARS ART ASH ASK
71.2%
POM POO POP POT
70.9%
BAA BAD BAG BAH
70.8%
HOT HOW HOY HUB
70.6%
FAS FAT FAX FAY
70.5%
ANT ANY APE APO
70.1%
FIL FIN FIR FIT
70.1%
HEN HEP HER HES
69.9%
BOW BOX BOY BRA
69.8%
DIG DIM DIN DIP
69.7%
TOM TON TOO TOP
69.5%
MEM MEN MET MEW
69.4%
RAP RAS RAT RAW
69%
DUO DUP DYE EAR
69%
BAL BAM BAN BAP
68.9%
ACT ADD ADO ADS
68.8%
BOO BOP BOS BOT
68.8%
BIO BIS BIT BIZ
68%
SAL SAP SAT SAU
68%
BUG BUM BUN BUR
67.8%
COS COT COW COX
66.9%
MAS MAT MAW MAX
66.8%
NOO NOR NOS NOT
66.6%
EVE EWE EYE FAB
66.6%
LOP LOT LOW LOX
66.6%
MOM MON MOO MOP
66.2%
LIT LOB LOG LOO
66.1%
GEM GEN GET GEY
66.1%
LIE LIN LIP LIS
65.9%
EAT EAU EBB ECU
65.8%
SAW SAX SAY SEA
65.3%
BYS CAB CAD CAM
65.2%
BOA BOB BOD BOG
65.2%
DIB DID DIE DIF
65.2%
DAB DAD DAG DAH
65.1%
DOR DOS DOT DOW
65.1%
ALL ALP ALS ALT
65%
FON FOP FOR FOU
64.4%
PAP PAR PAS PAT
64.3%
GOO GOR GOS GOT
63.9%
DAP DAW DAY DEB
63.9%
AIM AIN AIR AIS
63.9%
SIS SIT SIX SKA
63.8%
HIC HID HIE HIM
63.4%
DEE DEF DEL DEN
62.7%
CON COO COP COR
62.5%
WET WHA WHO WHY
62.1%
AHI AHS AID AIL
61.5%
DIS DIT DOC DOE
61.3%
NIP NIT NIX NOB
61%
TIL TIN TIP TIS
60.9%
GIG GIN GIP GIT
60.8%
SEW SEX SHA SHE
60.6%
DRY DUB DUD DUE
60.5%
AGE AGO AGS AHA
60.3%
HOG HON HOP HOS
60.2%
GUN GUT GUV GUY
60.2%
ROM ROT ROW RUB
60.2%
JAW JAY JEE JET
60.2%
TIT TOD TOE TOG
60.1%
WAN WAP WAR WAS
59.9%
GAP GAR GAS GAT
59.6%
JAB JAG JAM JAR
59.4%
LAY LEA LED LEE
59.2%
SIM SIN SIP SIR
59.2%
RUE RUG RUM RUN
58.8%
GYM GYP HAD HAE
58.8%
CUP CUR CUT CWM
58.8%
DAK DAL DAM DAN
58.7%
% Correct
SAC SAD SAE SAG
58.4%
AIT ALA ALB ALE
58.4%
HET HEW HEX HEY
58.2%
HUN HUP HUT HYP
58%
PIG PIN PIP PIS
58%
SEL SEN SER SET
57.9%
CAW CAY CEE CEL
57.8%
TAM TAN TAO TAP
57.3%
FED FEE FEH FEM
57.2%
FIB FID FIE FIG
57.2%
NAN NAP NAW NAY
57.1%
NEB NEE NEG NET
56.9%
HAW HAY HEH HEM
56.9%
TOR TOT TOW TOY
56.8%
COB COD COG COL
56.8%
MAY MED MEG MEL
56.7%
DUG DUH DUI DUN
56.6%
AWA AWE AWL AWN
56.5%
FOB FOE FOG FOH
56.5%
AXE AYE AYS AZO
56.4%
BRO BRR BUB BUD
56.3%
NOW NTH NUB NUN
56.3%
LAB LAC LAD LAG
56.2%
FUR GAB GAD GAE
56.2%
MOR MOS MOT MOW
56.2%
HAG HAH HAJ HAM
56%
LYE MAC MAD MAE
56%
APP APT ARB ARC
56%
NEW NIB NIL NIM
55.8%
RED REE REF REG
55.7%
AAH AAL AAS ABA
55.7%
WIG WIN WIS WIT
55.7%
GAY GED GEE GEL
55.6%
HUE HUG HUH HUM
55.6%
FUB FUD FUG FUN
55.4%
JOT JOW JOY JUG
55.4%
RAI RAJ RAM RAN
55.3%
COY COZ CRU CRY
55.2%
PIT PIU PIX PLY
55.2%
LAM LAP LAR LAS
55.2%
QUA RAD RAG RAH
54.8%
RIG RIM RIN RIP
54.2%
LET LEU LEV LEX
54.2%
LAT LAV LAW LAX
54.1%
KIP KIR KIS KIT
54.1%
TAR TAS TAT TAU
54.1%
FEN FER FES FET
54%
RUT RYA RYE SAB
53.9%
SEC SEE SEG SEI
53.9%
PES PET PEW PHI
53.7%
MUD MUG MUM MUN
53.6%
FOX FOY FRO FRY
53.4%
DEV DEW DEX DEY
53.3%
JIN JOB JOE JOG
53.2%
ADZ AFF AFT AGA
53%
PAH PAL PAM PAN
52.9%
SUE SUK SUM SUN
52.8%
TRY TSK TUB TUG
52.4%
GAG GAL GAM GAN
52.3%
CUB CUD CUE CUM
52.2%
YOM YON YOU YOW
52%
PAW PAX PAY PEA
51.9%
NUS NUT OAF OAK
51.5%
FEU FEW FEY FEZ
51.4%
MUS MUT MYC NAB
51.4%
SOD SOL SOM SON
51.4%
WAT WAW WAX WAY
51.3%
PUR PUS PUT PYA
51.3%
LEG LEI LEK LES
50.7%
SOP SOS SOT SOU
50.6%
GNU GOA GOB GOD
50.3%
OLE OMS ONE ONO
50.2%
HMM HOB HOD HOE
50.2%
JEU JEW JIB JIG
50.2%
WEB WED WEE WEN
50.1%
FIX FIZ FLU FLY
49.8%
INN INS ION IRE
49.8%
ILK ILL IMP INK
49.7%
PEH PEN PEP PER
49.4%
MIS MIX MOA MOB
49.4%
KHI KID KIF KIN
49.4%
ROB ROC ROD ROE
49.3%
ZOO ZUZ ZZZ
48.1%
PUG PUL PUN PUP
48%
EME EMS EMU END
48%
% Correct
EFF EFS EFT EGG
47.8%
POW POX PRO PRY
47.8%
MOC MOD MOG MOL
47.8%
OAR OAT OBA OBE
47.7%
ZIN ZIP ZIT ZOA
47.4%
RIA RIB RID RIF
47.4%
SOW SOX SOY SPA
47.4%
NAE NAG NAH NAM
47.3%
RAX RAY REB REC
47.2%
YEH YEN YEP YES
47%
ELK ELL ELM ELS
46.9%
THO THY TIC TIE
46.8%
NOD NOG NOH NOM
46.7%
AMA AMI AMP AMU
46.6%
TAV TAW TAX TEA
46.5%
PEC PED PEE PEG
46%
TAD TAE TAG TAJ
45.9%
TUX TWA TWO TYE
45.9%
WON WOO WOP WOS
45.9%
KEN KEP KEX KEY
45.8%
YET YEW YID YIN
45.6%
MHO MIB MIC MID
45.6%
ERE ERG ERN ERR
45.3%
AUK AVA AVE AVO
45.1%
SKI SKY SLY SOB
44.9%
TUI TUN TUP TUT
44.9%
RET REV REX RHO
44.8%
OIL OKA OKE OLD
44.7%
MIG MIL MIM MIR
44.6%
POD POH POI POL
44.4%
TED TEE TEG TEL
44%
LEY LEZ LIB LID
44%
IRK ISM ITS IVY
43.5%
EDH EDS EEK EEL
43%
GOX GOY GUL GUM
42.9%
JUN JUS JUT KAB
42.4%
VAW VEE VEG VET
42.1%
CEP CHI CIG CIS
42%
OXO OXY PAC PAD
41.9%
ORC ORE ORS ORT
41.8%
REI REM REP RES
41.8%
ODE ODS OES OFF
41.7%
SHH SHY SIB SIC
41.3%
WOT WOW WRY WUD
41%
SUP SUQ SYN TAB
41%
SPY SRI STY SUB
41%
EGO EKE ELD ELF
40.9%
ENG ENS EON ERA
40.8%
OSE OUD OUR OUT
40.8%
ZAP ZAS ZAX ZED
40.6%
WAB WAD WAE WAG
40.5%
VAS VAT VAU VAV
39.4%
PHT PIA PIC PIE
39.2%
UTS VAC VAN VAR
39%
ICE ICH ICK ICY
38.4%
LUG LUM LUV LUX
37.2%
YAH YAK YAM YAP
37.1%
KAY KEA KEF KEG
37%
KAE KAF KAS KAT
36.9%
OVA OWE OWL OWN
36.9%
YAR YAW YAY YEA
36.7%
GHI GIB GID GIE
36.1%
VEX VIA VID VIE
35.9%
PSI PST PUB PUD
35.8%
URP USE UTA UTE
35.5%
OPS OPT ORA ORB
35.2%
ZEE ZEK ZEP ZIG
34.5%
ERS ESS ETA ETH
33.5%
WIZ WOE WOG WOK
32.5%
YUK YUM YUP ZAG
31.8%
OBI OCA ODA ODD
31.6%
OFT OHM OHO OHS
31.3%
UPS URB URD URN
30%
ONS OOH OOT OPE
28.5%
PYE PYX QAT QIS
27.3%
KOA KOB KOI KOP
27.2%
VOW VOX VUG VUM
27.1%
VIG VIM VIS VOE
26.8%
YIP YOB YOD YOK
26.3%
IDS IFF IFS IGG
25.2%
KOR KOS KUE KYE
21.1%
WYE WYN XIS YAG
19.3%
UDO UGH UKE ULU
17.1%
UMM UMP UNS UPO
16.7%

You're not logged in!

Compare scores with friends on all Sporcle quizzes.
OR
Log In

You Might Also Like...

Show Comments

Extras

Top Quizzes Today


Score Distribution

Your Account Isn't Verified!

In order to create a playlist on Sporcle, you need to verify the email address you used during registration. Go to your Sporcle Settings to finish the process.

Report this User

Report this user for behavior that violates our Community Guidelines.

Details: